| 000 | 00367nam a2200133Ia 4500 | ||
|---|---|---|---|
| 005 | 20260328101455.0 | ||
| 008 | 260328s9999||||xx |||||||||||||| ||und|| | ||
| 100 | _aMeyers, Linda | ||
| 245 | 0 |
_aWary Meyer's Tossed & Found : _b Unconventional Design from cast-offs / _cLinda Meyers |
|
| 260 | _bStewart | ||
| 300 | _a205 p. | ||
| 650 | _aDISEÑO INDUSTRIAL | ||
| 942 | _cBK | ||
| 999 |
_c8794 _d8794 |
||